000 00464nam a22001937a 4500
005 20250927144717.0
008 250927b |||||||| |||| 00| 0 eng d
020 _a0-273-02628-3
050 _aHF5635.W66 1984
_bC.1
100 _aWood,Frank
245 _aBUSINESS ACCOUNTING 1
250 _aFOURTH
260 _aLONDON
_bPITMAN
_c1984
300 _a474P
500 _aINCLUDING INDEX
650 _a Accounting
700 _aFRANK WOOD
942 _2lcc
_cBK
999 _c216128
_d216128